ბათუმის შოთა რუსთაველის სახელმწიფო უნივერსიტეტის ბიბლიოთეკა

თხზულებანი ტ.1.გველის მჭამელი:გაგების ცდა.კულტუროლოგია (ბიბ.ჩანაწერი № 43244)

000 -LEADER
fixed length control field 00942nam a2200229Ia 4500
001 - CONTROL NUMBER
control field 9971
003 - CONTROL NUMBER IDENTIFIER
control field GE_BSU
008 - FIXED-LENGTH DATA ELEMENTS--GENERAL INFORMATION
fixed length control field 181216s||||||||xx |||||||||||||| ||und||
020 ## - INTERNATIONAL STANDARD BOOK NUMBER
International Standard Book Number 9789941444036
040 ## - CATALOGING SOURCE
Transcribing agency GE_BSU
080 ## - UNIVERSAL DECIMAL CLASSIFICATION NUMBER
Universal Decimal Classification number 821.353.1.09-11+008(09)
100 ## - MAIN ENTRY--PERSONAL NAME
Personal name კაშია,ჯანრი
245 ## - TITLE STATEMENT
Title თხზულებანი ტ.1.გველის მჭამელი:გაგების ცდა.კულტუროლოგია
245 ## - TITLE STATEMENT
Statement of responsibility, etc. რედ.ხათუნა თოდუა,თამარ თითმერია
260 ## - PUBLICATION, DISTRIBUTION, ETC.
Place of publication, distribution, etc. თბილისი
260 ## - PUBLICATION, DISTRIBUTION, ETC.
Name of publisher, distributor, etc. ქართული ბიოგრაფიული ცენტრი.
260 ## - PUBLICATION, DISTRIBUTION, ETC.
Date of publication, distribution, etc. 2013
300 ## - PHYSICAL DESCRIPTION
Extent 344გვ.ფოტო.21სმ.
653 ## - INDEX TERM--UNCONTROLLED
Uncontrolled term გველის მჭამელი:გაგების ცდა.კულტუროლოგია
653 ## - INDEX TERM--UNCONTROLLED
Uncontrolled term თხზულებანი
942 ## - ADDED ENTRY ELEMENTS (KOHA)
Koha item type წიგნი
ეგზემპლარები
Withdrawn status Lost status Damaged status Not for loan Date acquired Barcode Date last seen Price effective from Koha item type
        2018-12-17 33281 2018-12-17 2018-12-17 წიგნი
        2018-12-17 33282 2018-12-17 2018-12-17 წიგნი